[Event "BL 9293 Bayern-Bochum"]
[Site "?"]
[Date "1992.??.??"]
[Round "?.8"]
[White "Stangl, M."]
[Black "Sonntag, HH."]
[Result "1/2-1/2"]
[WhiteElo "2475"]
[BlackElo "2415"]
[PlyCount "112"]
[EventDate "1992.??.??"]

1. c4 Nf6 2. Nf3 d6 3. g3 e5 4. Bg2 g6 5. d4 Nbd7 6. O-O Bg7 7. Nc3 O-O 8. e4
c6 9. h3 a5 10. Re1 Re8 11. Be3 Qc7 12. Re2 exd4 13. Nxd4 Nc5 14. Qc2 Bd7 15.
Rd1 Rad8 16. Red2 Bc8 17. Bg5 h6 18. Ndb5 Qb8 19. Bxf6 Bxf6 20. Nxd6 Rf8 21. f4
Be7 22. e5 Bxd6 23. Rxd6 Rxd6 24. Rxd6 Bf5 25. Qd2 h5 26. Kh2 Qc8 27. Qe3 Ne6
28. Ne4 Bxe4 29. Bxe4 Ng7 30. Qd3 Qc7 31. c5 Qe7 32. Qc4 Kh7 33. b3 Ne8 34. Rd2
Ng7 35. a3 h4 36. gxh4 Qxh4 37. Qf1 Ne6 38. b4 axb4 39. axb4 f5 40. Rd7+ Kh6
41. Bg2 Ra8 42. Qf3 Ra2 43. Qg3 Qxf4 44. Rxb7 Qxg3+ 45. Kxg3 f4+ 46. Kf3 Ng5+
47. Kxf4 Rxg2 48. Rb6 Nxh3+ 49. Ke3 Rg3+ 50. Kd2 Rg4 51. e6 Kg7 52. Rb7+ Kf6
53. b5 Rc4 54. e7 Kf7 55. bxc6 Rxc5 56. c7 Ng5 1/2-1/2

[Event "BL 9293 München 36-Bielefeld"]
[Site "?"]
[Date "1992.??.??"]
[Round "?.2"]
[White "Hertneck, G."]
[Black "Bangiev, A."]
[Result "1-0"]
[WhiteElo "2560"]
[BlackElo "2400"]
[PlyCount "109"]
[EventDate "1992.??.??"]

1. d4 d5 2. c4 c6 3. Nf3 Nf6 4. cxd5 cxd5 5. Nc3 Nc6 6. Bf4 e6 7. e3 Bd6 8. Bg3
O-O 9. Bd3 Kh8 10. Rc1 a6 11. Na4 Ne4 12. Bxe4 dxe4 13. Nd2 f5 14. Bxd6 Qxd6
15. Nb6 Rb8 16. O-O Bd7 17. Qa4 Rbd8 18. Qa3 Qxa3 19. bxa3 Na5 20. a4 Nc6 21.
Nb3 Be8 22. Nc5 Rf6 23. Nxb7 Rb8 24. Nd6 Rxb6 25. Nxe8 Rf7 26. Nd6 Rf8 27. Nc4
Rb4 28. a3 Rb3 29. Nd2 Rb6 30. Rc5 Ne7 31. Rfc1 Rfb8 32. Rc7 R6b7 33. f3 Rxc7
34. Rxc7 Nd5 35. Rc6 Nxe3 36. fxe4 fxe4 37. Rxe6 Nc2 38. d5 e3 39. Nf1 Kg8 40.
Nxe3 Nxe3 41. Rxe3 Kf7 42. Kf2 Rd8 43. Rd3 Kf6 44. Kf3 Ke5 45. Re3+ Kd4 46. Re7
Rxd5 47. Rxg7 Rh5 48. h3 Rh6 49. Kg4 Ke3 50. Kg5 Rc6 51. Rxh7 Kf2 52. g4 Kg3
53. Kh5 Kxh3 54. g5 Rc5 55. Rd7 1-0

[Event "BL 9293 München 36-Bielefeld"]
[Site "?"]
[Date "1992.??.??"]
[Round "?.3"]
[White "Panzer, P."]
[Black "Stohl, I."]
[Result "0-1"]
[WhiteElo "2340"]
[BlackElo "2560"]
[PlyCount "62"]
[EventDate "1992.??.??"]

1. d4 Nf6 2. c4 g6 3. Nc3 d5 4. e3 Bg7 5. Bd2 O-O 6. Rc1 e6 7. Nf3 Qe7 8. cxd5
exd5 9. Be2 c6 10. O-O a5 11. a3 Nbd7 12. Ne1 Re8 13. Nd3 Nb6 14. Ne5 a4 15. f4
Nfd7 16. e4 dxe4 17. Nxe4 Nd5 18. Bf3 Nf8 19. Re1 Ne6 20. Nc3 Ndxf4 21. Bxf4
Nxf4 22. Nxc6 Qxe1+ 23. Qxe1 Rxe1+ 24. Rxe1 bxc6 25. Re8+ Bf8 26. Bxc6 Rb8 27.
Nb5 Kg7 28. d5 Nxd5 29. Bxd5 Rxb5 30. Bc6 Bc5+ 31. Kf1 Ba6 0-1

[Event "BL 9293 München 36-Bielefeld"]
[Site "?"]
[Date "1992.??.??"]
[Round "?.4"]
[White "Lau, R."]
[Black "Kassebaum, R."]
[Result "1/2-1/2"]
[WhiteElo "2520"]
[BlackElo "2360"]
[PlyCount "71"]
[EventDate "1992.??.??"]

1. e4 c5 2. Nf3 e6 3. d4 cxd4 4. Nxd4 Nf6 5. Nc3 d6 6. f4 a6 7. Qf3 Qb6 8. a3
Nbd7 9. Nb3 Qc7 10. g4 h6 11. h4 h5 12. g5 Ng4 13. Bd2 b5 14. O-O-O Bb7 15. Kb1
Rc8 16. Bd3 g6 17. Qg3 Bg7 18. Rhf1 O-O 19. f5 Be5 20. Qh3 Nc5 21. Nxc5 Qxc5
22. fxe6 fxe6 23. Ne2 Kh7 24. Nf4 Bxf4 25. Bxf4 e5 26. Bd2 Qd4 27. Rde1 Kg7 28.
Bc3 Rxc3 29. bxc3 Qxc3 30. Re2 b4 31. axb4 Qxb4+ 32. Kc1 Rc8 33. Qf3 Qa3+ 34.
Kd1 Qa1+ 35. Kd2 Qc3+ 36. Kd1 1/2-1/2

[Event "BL 9293 München 36-Bielefeld"]
[Site "?"]
[Date "1992.??.??"]
[Round "?.5"]
[White "Meier, V."]
[Black "Gruenberg, HU."]
[Result "1-0"]
[WhiteElo "2310"]
[BlackElo "2495"]
[PlyCount "58"]
[EventDate "1992.??.??"]

1. e4 c5 2. Nf3 e6 3. d4 cxd4 4. Nxd4 a6 5. Bd3 Nf6 6. O-O Qc7 7. Qe2 d6 8. Kh1
Nbd7 9. f4 g6 10. f5 e5 11. Nb3 Be7 12. Nc3 gxf5 13. Rxf5 Nb6 14. Rf1 Rg8 15.
Be3 Be6 16. Nd2 Rc8 17. Rae1 Qc6 18. Nf3 Na4 19. Nxa4 Qxa4 20. b3 Qc6 21. Ng5
Bg4 22. Qf2 Bh5 23. Bd2 Qd7 24. a4 Bg6 25. a5 h6 26. Nf3 Qg4 27. h3 Qh5 28. Qb6
d5 29. Qxb7 Rd8 1-0

[Event "BL 9293 München 36-Bielefeld"]
[Site "?"]
[Date "1992.??.??"]
[Round "?.6"]
[White "Enders, P."]
[Black "Lingnau, C."]
[Result "1-0"]
[WhiteElo "2490"]
[BlackElo "2340"]
[PlyCount "77"]
[EventDate "1992.??.??"]

1. e4 c5 2. Nf3 d6 3. d4 cxd4 4. Nxd4 Nf6 5. Nc3 a6 6. Bg5 e6 7. f4 Qb6 8. Qd2
Qxb2 9. Rb1 Qa3 10. f5 Nc6 11. fxe6 fxe6 12. Nxc6 bxc6 13. Be2 Be7 14. O-O Rf8
15. Bf3 Ra7 16. Be3 c5 17. e5 dxe5 18. g4 Qa5 19. Bc6+ Nd7 20. Rxf8+ Kxf8 21.
g5 Kg8 22. Be4 Nf8 23. Nd5 Qxd2 24. Nxe7+ Kf7 25. Bxd2 Kxe7 26. Rb8 Kd7 27. Ba5
Ng6 28. Bb6 Rc7 29. Bxc7 Kxc7 30. Rb3 Nf4 31. Bxh7 Bb7 32. c4 Ne2+ 33. Kf2 Nd4
34. Re3 Kd6 35. h4 Nf5 36. Bxf5 exf5 37. h5 f4 38. h6 gxh6 39. gxh6 1-0

[Event "BL 9293 München 36-Bielefeld"]
[Site "?"]
[Date "1992.??.??"]
[Round "?.7"]
[White "Beilfuss, W."]
[Black "Volke, K."]
[Result "0-1"]
[WhiteElo "2235"]
[BlackElo "2460"]
[PlyCount "55"]
[EventDate "1992.??.??"]

1. c4 Nf6 2. Nc3 g6 3. e4 d6 4. d4 Bg7 5. f3 O-O 6. Be3 a6 7. Qd2 Nbd7 8. Nh3
b6 9. Be2 c5 10. O-O e6 11. Rad1 Qc7 12. d5 e5 13. Nf2 Nh5 14. g4 Nf4 15. Bxf4
exf4 16. Qxf4 Qd8 17. Qg3 Qe7 18. Rde1 g5 19. f4 gxf4 20. Qxf4 Ne5 21. Kh1 Bd7
22. Qe3 b5 23. cxb5 axb5 24. Bxb5 Bxb5 25. Nxb5 Rxa2 26. Qb3 Raa8 27. Nc3 Nf3
28. Rd1 0-1

[Event "BL 9293 München 36-Bielefeld"]
[Site "?"]
[Date "1992.??.??"]
[Round "?.8"]
[White "Ruf, M."]
[Black "Seger, R."]
[Result "1/2-1/2"]
[WhiteElo "2395"]
[BlackElo "2380"]
[PlyCount "59"]
[EventDate "1992.??.??"]

1. Nf3 Nf6 2. g3 g6 3. b4 Bg7 4. Bb2 O-O 5. Bg2 c6 6. Na3 Qb6 7. c3 d5 8. O-O
a5 9. Nc2 Ne4 10. a3 Nd7 11. Qc1 Nd6 12. d3 e5 13. Nd2 axb4 14. axb4 Rxa1 15.
Qxa1 Qc7 16. c4 d4 17. e3 dxe3 18. Nxe3 Re8 19. Re1 f5 20. Nb3 Nf8 21. b5 f4
22. Nd1 fxg3 23. hxg3 cxb5 24. c5 Nf5 25. d4 Ne6 26. dxe5 Nxc5 27. Bd5+ Be6 28.
Bxe6+ Nxe6 29. Ne3 Nxe3 30. Rxe3 1/2-1/2

[Event "BL 9293 Bochum-München 36"]
[Site "?"]
[Date "1992.??.??"]
[Round "?.2"]
[White "Dokhoian, Y."]
[Black "Hertneck, G."]
[Result "1/2-1/2"]
[WhiteElo "2505"]
[BlackElo "2560"]
[PlyCount "51"]
[EventDate "1992.??.??"]

1. d4 Nf6 2. c4 c5 3. d5 b5 4. cxb5 a6 5. b6 e6 6. Nc3 Nxd5 7. Nxd5 exd5 8.
Qxd5 Nc6 9. Nf3 Rb8 10. e4 Be7 11. Bc4 O-O 12. O-O Rxb6 13. b3 Na5 14. Be2 Bb7
15. Qd2 Re6 16. e5 d6 17. exd6 Bxd6 18. Ng5 Rg6 19. Bd3 f5 20. f4 Bxf4 21. Rxf4
Rxg5 22. Bf1 Nc6 23. Rc4 Rg6 24. Qxd8 Nxd8 25. Be3 Ne6 26. Bxc5 1/2-1/2

[Event "BL 9293 Bochum-München 36"]
[Site "?"]
[Date "1992.??.??"]
[Round "?.3"]
[White "Stohl, I."]
[Black "Schulz, KJ."]
[Result "1/2-1/2"]
[WhiteElo "2560"]
[BlackElo "2415"]
[PlyCount "85"]
[EventDate "1992.??.??"]

1. c4 e5 2. Nc3 Bb4 3. Nd5 a5 4. Nf3 d6 5. a3 Bc5 6. d4 exd4 7. Nxd4 Be6 8. g3
Nc6 9. Nxc6 bxc6 10. Qa4 Bd7 11. Nc3 Bd4 12. Qc2 Qf6 13. Ne4 Qg6 14. e3 Bb6 15.
Bd3 Qh5 16. b3 Nh6 17. Bb2 O-O 18. c5 Bxc5 19. Nxc5 dxc5 20. Bxh7+ Kh8 21. Be4
Rae8 22. Bg2 Bg4 23. O-O Re6 24. f3 Bh3 25. e4 Bxg2 26. Kxg2 f5 27. Qxc5 Rfe8
28. Rad1 Qg6 29. Rd7 Rg8 30. exf5 Nxf5 31. Be5 Qe8 32. Bxg7+ Rxg7 33. Rxg7 Nxg7
34. Qxa5 Re2+ 35. Rf2 Qe3 36. Rxe2 Qxe2+ 37. Kh3 Qxf3 38. Qxc7 Qh5+ 39. Kg2
Qe2+ 40. Kh3 Qe6+ 41. Kg2 Qd5+ 42. Kf2 Qf5+ 43. Qf4 1/2-1/2

[Event "BL 9293 Bochum-München 36"]
[Site "?"]
[Date "1992.??.??"]
[Round "?.4"]
[White "Backwinkel, P."]
[Black "Lau, R."]
[Result "1-0"]
[WhiteElo "2405"]
[BlackElo "2520"]
[PlyCount "125"]
[EventDate "1992.??.??"]

1. d4 Nf6 2. Nf3 d5 3. c3 c6 4. Bf4 g6 5. h3 Bg7 6. Nbd2 O-O 7. e3 Nbd7 8. Be2
b6 9. O-O Bb7 10. a4 a6 11. b4 c5 12. bxc5 bxc5 13. Qb3 Bc6 14. a5 Re8 15. Rfd1
Bf8 16. c4 e6 17. Qa2 Ra7 18. Rac1 Qa8 19. Bh2 Rc8 20. Qa1 Bg7 21. Ne5 cxd4 22.
Nxc6 Rxc6 23. exd4 dxc4 24. Bf3 Nd5 25. Rxc4 Rxc4 26. Nxc4 Qd8 27. Rb1 h6 28.
Bg3 Kh7 29. Ne3 Nc7 30. Rb4 Nb5 31. Qa4 Nf8 32. Nc2 Qg5 33. Rc4 Qd2 34. Qb4
Qxb4 35. Rxb4 Nd7 36. Bc6 Nc3 37. Kf1 e5 38. d5 Rc7 39. Rc4 Nb1 40. Ke1 Bf8 41.
f3 Nc5 42. Ke2 Nb3 43. Be1 Nc1+ 44. Ke3 h5 45. Bb4 Bh6+ 46. Ke4 f5+ 47. Kxe5
Nd3+ 48. Ke6 Nf4+ 49. Kd6 Rf7 50. Ba4 Bf8+ 51. Kc6 Nd3 52. Kb6 Nb2 53. Rc7
Nxa4+ 54. Kc6 Rxc7+ 55. Kxc7 Bxb4 56. Nxb4 Nbc3 57. d6 Nc5 58. d7 Nb5+ 59. Kc6
Ne6 60. Nxa6 Na7+ 61. Kd6 Nd8 62. Nb4 Nb5+ 63. Ke7 1-0

[Event "BL 9293 Bochum-München 36"]
[Site "?"]
[Date "1992.??.??"]
[Round "?.5"]
[White "Gruenberg, HU."]
[Black "Jackelen, T."]
[Result "1/2-1/2"]
[WhiteElo "2495"]
[BlackElo "2420"]
[PlyCount "170"]
[EventDate "1992.??.??"]

1. d4 Nf6 2. c4 g6 3. Nc3 Bg7 4. e4 d6 5. Be2 O-O 6. Nf3 Na6 7. O-O e5 8. Be3
Ng4 9. Bg5 Qe8 10. h3 h6 11. Bc1 Nf6 12. dxe5 dxe5 13. Be3 Nd7 14. Nd2 Ndc5 15.
b4 Ne6 16. a3 Nd4 17. c5 b6 18. Rc1 bxc5 19. b5 Nb8 20. Nd5 Qd8 21. Rxc5 c6 22.
Bxd4 cxd5 23. Rxd5 Nd7 24. Bc5 Bb7 25. Bxf8 Bxf8 26. Nc4 Bxd5 27. Qxd5 Nb6 28.
Qxe5 Rc8 29. Rd1 Qc7 30. Qxc7 Rxc7 31. Nd6 Rc3 32. e5 Rxa3 33. Rc1 Ra2 34. Bf1
Bg7 35. f4 g5 36. g3 gxf4 37. gxf4 Ra4 38. Bc4 Kf8 39. Kh1 h5 40. Kg2 Bh6 41.
Kf3 f5 42. Nxf5 Bxf4 43. Kxf4 Nxc4 44. e6 Nd6+ 45. Ke5 Nxf5 46. Kxf5 h4 47.
Rc8+ Ke7 48. Rc7+ Kf8 49. Kf6 Rf4+ 50. Kg5 Re4 51. Rxa7 Rxe6 52. Kxh4 Rb6 53.
Ra5 Rh6+ 54. Kg4 Rg6+ 55. Kf4 Rh6 56. Ke5 Ke7 57. Ra7+ Kd8 58. Ra3 Rh5+ 59. Kd6
Rh6+ 60. Kd5 Kc7 61. Rc3+ Kb7 62. Ke5 Rh8 63. Kf6 Kb6 64. Kg7 Rh5 65. Rc6+ Kb7
66. Rh6 Rxb5 67. h4 Kc7 68. Rg6 Kd7 69. Rg5 Rb7 70. Kf7 Kd6+ 71. Kf6 Rb4 72. h5
Rf4+ 73. Kg7 Ke7 74. Re5+ Kd6 75. Re1 Rg4+ 76. Kf6 Rf4+ 77. Kg5 Rf2 78. h6 Rg2+
79. Kf6 Rf2+ 80. Kg6 Rg2+ 81. Kf7 Rf2+ 82. Ke8 Rh2 83. Rg1 Re2+ 84. Kd8 Ke6 85.
h7 Rh2 1/2-1/2

[Event "BL 9293 Bochum-München 36"]
[Site "?"]
[Date "1992.??.??"]
[Round "?.6"]
[White "Von Gleich, A."]
[Black "Enders, P."]
[Result "0-1"]
[WhiteElo "2350"]
[BlackElo "2490"]
[PlyCount "110"]
[EventDate "1992.??.??"]

1. Nf3 Nf6 2. c4 e6 3. g3 b6 4. Bg2 Bb7 5. O-O Be7 6. Nc3 O-O 7. Re1 c5 8. e4
d6 9. d4 cxd4 10. Nxd4 Qd7 11. a4 Rc8 12. b3 Nc6 13. Nde2 a6 14. Be3 Qc7 15.
Rc1 Ng4 16. Bd2 Nge5 17. Be3 Nb4 18. Rb1 Bf6 19. h3 Ned3 20. Rf1 Rd8 21. Qd2 d5
22. cxd5 exd5 23. Nxd5 Nxd5 24. Qxd3 Nxe3 25. Qxe3 Qc5 26. Qxc5 bxc5 27. Rfd1
g5 28. f4 gxf4 29. gxf4 Bh4 30. e5 Bxg2 31. Kxg2 Rab8 32. Nc3 Rxd1 33. Nxd1 Rb4
34. Rc1 Rxb3 35. Rxc5 Rg3+ 36. Kh2 Rd3 37. Nc3 Bg3+ 38. Kg2 Bxf4 39. Nd5 Bd2
40. Nf6+ Kg7 41. Rc6 a5 42. Ne8+ Kf8 43. Rc8 Ke7 44. Nd6 Ra3 45. Rc7+ Ke6 46.
Nxf7 Rxa4 47. Nd8+ Kxe5 48. Rxh7 Rc4 49. Ra7 a4 50. Kf3 Bc1 51. h4 Rxh4 52.
Ra5+ Kd6 53. Ke2 a3 54. Kd3 Rh2 55. Kc3 Bd2+ 0-1

[Event "BL 9293 Bochum-München 36"]
[Site "?"]
[Date "1992.??.??"]
[Round "?.8"]
[White "Sonntag, HH."]
[Black "Pezerovic, E."]
[Result "1/2-1/2"]
[WhiteElo "2415"]
[BlackElo "2435"]
[PlyCount "120"]
[EventDate "1992.??.??"]

1. d4 Nf6 2. c4 e6 3. Nc3 Bb4 4. Qc2 c5 5. dxc5 Na6 6. a3 Bxc3+ 7. Qxc3 Nxc5 8.
f3 a5 9. e4 d6 10. Be3 Qc7 11. Ne2 b6 12. Nd4 Ba6 13. Be2 O-O 14. Rc1 Rac8 15.
O-O Rfd8 16. Rfd1 Qb8 17. b4 axb4 18. axb4 Ncd7 19. Qa3 Bb7 20. Nb5 Ne8 21. Rd2
Bc6 22. Na7 Rc7 23. Nxc6 Rxc6 24. Rcd1 Rdc8 25. Bf4 e5 26. Be3 Nf8 27. Qa6 Ne6
28. Qa4 R6c7 29. g3 Ra7 30. Qb3 Qb7 31. Ra2 Rxa2 32. Qxa2 Ra8 33. Qb2 Qa7 34.
Bf1 N6c7 35. Qf2 Qa4 36. Rb1 b5 37. Qe2 Rb8 38. c5 d5 39. Qb2 Ra8 40. Qxe5 dxe4
41. fxe4 Qa3 42. Bf2 Qa2 43. Rc1 Rd8 44. Ra1 Qd2 45. Ra7 Ne6 46. Rb7 Nf6 47.
Qf5 Nd4 48. Qf4 Qd1 49. Kg2 Ne6 50. Qf3 Qc2 51. e5 Ne4 52. Qxf7+ Kh8 53. Re7
Rf8 54. Re8 Nf4+ 55. Qxf4 Rxe8 56. Bxb5 Rd8 57. Kg1 Qb1+ 58. Kg2 Qc2 59. Kg1
Qb1+ 60. Kg2 Qc2 1/2-1/2

[Event "BL 9293 Bielefeld-Bayern"]
[Site "?"]
[Date "1992.??.??"]
[Round "?.2"]
[White "Bangiev, A."]
[Black "Yusupov, A."]
[Result "1/2-1/2"]
[WhiteElo "2400"]
[BlackElo "2640"]
[PlyCount "62"]
[EventDate "1992.??.??"]

1. d4 d5 2. c4 e6 3. Nc3 Be7 4. Nf3 Nf6 5. Bf4 O-O 6. e3 c5 7. dxc5 Bxc5 8. Qc2
Nc6 9. a3 Bd7 10. cxd5 exd5 11. Rd1 Rc8 12. Be2 Qe7 13. O-O Be6 14. Bg5 Rfd8
15. Qa4 h6 16. Bh4 a6 17. Rd2 g5 18. Bg3 Bf5 19. Rfd1 Be4 20. Nxe4 dxe4 21.
Rxd8+ Rxd8 22. Nd2 Bd6 23. Bxd6 Rxd6 24. Qc2 Qe6 25. Nb3 Rxd1+ 26. Qxd1 Nd7 27.
Qc2 Kg7 28. Qc3+ Qf6 29. Qd2 Qe6 30. Qc3+ Qf6 31. Qd2 Qe6 1/2-1/2

[Event "BL 9293 Bielefeld-Bayern"]
[Site "?"]
[Date "1992.??.??"]
[Round "?.3"]
[White "Ribli, Z."]
[Black "Panzer, P."]
[Result "1-0"]
[WhiteElo "2610"]
[BlackElo "2340"]
[PlyCount "73"]
[EventDate "1992.??.??"]

1. Nf3 Nf6 2. g3 g6 3. b3 Bg7 4. Bb2 O-O 5. Bg2 c5 6. c4 Nc6 7. O-O d6 8. d4
cxd4 9. Nxd4 Bd7 10. Nc3 Qa5 11. e3 Rac8 12. Qe2 a6 13. Rfc1 Rfe8 14. a3 Qb6
15. b4 Ne5 16. Nd1 a5 17. b5 g5 18. a4 g4 19. e4 Ng6 20. Ne3 e6 21. Nb3 Qc7 22.
c5 e5 23. cxd6 Qxd6 24. Rxc8 Rxc8 25. Nxa5 Be6 26. Nac4 Qc5 27. Rc1 Bh6 28. Rc3
Qb4 29. Qc2 Ra8 30. Nb6 Rd8 31. Nbd5 Bxd5 32. Nxd5 Nxd5 33. exd5 Ra8 34. Rc4
Qe1+ 35. Bf1 f5 36. d6 Rd8 37. Rc8 1-0

[Event "BL 9293 Bielefeld-Bayern"]
[Site "?"]
[Date "1992.??.??"]
[Round "?.4"]
[White "Kassebaum, R."]
[Black "Bischoff, K."]
[Result "0-1"]
[WhiteElo "2360"]
[BlackElo "2510"]
[PlyCount "68"]
[EventDate "1992.??.??"]

1. e4 c5 2. Nf3 e6 3. Nc3 a6 4. d4 cxd4 5. Nxd4 Qc7 6. g3 Bb4 7. Nde2 Be7 8.
Bg2 Nf6 9. O-O O-O 10. b3 Nc6 11. a4 Rd8 12. Bb2 Rb8 13. Nf4 d6 14. Re1 b5 15.
axb5 axb5 16. Qe2 b4 17. Nd1 Ne8 18. Ne3 Bf6 19. Bxf6 Nxf6 20. Qc4 Qb6 21. Red1
Bb7 22. Nxe6 fxe6 23. Qxe6+ Kh8 24. Nc4 Qc7 25. Nxd6 Bc8 26. Nxc8 Re8 27. Qc4
Rbxc8 28. h3 Qe7 29. f4 Na7 30. Qe2 Qc5+ 31. Kh2 Nc6 32. e5 Ng8 33. Be4 Nd4 34.
Qh5 Nf6 0-1

[Event "BL 9293 Bielefeld-Bayern"]
[Site "?"]
[Date "1992.??.??"]
[Round "?.5"]
[White "Boensch, U."]
[Black "Meier, V."]
[Result "1-0"]
[WhiteElo "2490"]
[BlackElo "2310"]
[PlyCount "61"]
[EventDate "1992.??.??"]

1. d4 Nf6 2. c4 e6 3. Nf3 b6 4. a3 Bb7 5. Nc3 d5 6. Bg5 Be7 7. Qa4+ c6 8. cxd5
exd5 9. e3 O-O 10. Bd3 Ne4 11. Bxe4 Bxg5 12. Bd3 Bf6 13. O-O c5 14. Rad1 cxd4
15. Nxd4 Nd7 16. Bb1 Re8 17. Nde2 Bxc3 18. Nxc3 Re5 19. e4 Nf6 20. f4 Rh5 21.
Qd4 Ba6 22. Rf3 Rc8 23. e5 Rc4 24. Qd2 Ne8 25. Nxd5 Qh4 26. Rh3 Qg4 27. Ne3
Qxh3 28. gxh3 Rxf4 29. Ng4 Rf3 30. Be4 Rfxh3 31. Qd7 1-0

[Event "BL 9293 Bielefeld-Bayern"]
[Site "?"]
[Date "1992.??.??"]
[Round "?.6"]
[White "Lingnau, C."]
[Black "Schlosser, P."]
[Result "1/2-1/2"]
[WhiteElo "2340"]
[BlackElo "2500"]
[PlyCount "33"]
[EventDate "1992.??.??"]

1. d4 d5 2. c4 e6 3. Nf3 Nf6 4. g3 Bb4+ 5. Bd2 Be7 6. Bg2 O-O 7. O-O c6 8. Qb3
b6 9. Bg5 Nbd7 10. Nc3 Ba6 11. cxd5 cxd5 12. Nb5 Ne4 13. Bf4 Ndc5 14. dxc5 Nxc5
15. Qb4 Ne4 16. Qa4 Nc5 17. Qb4 1/2-1/2

[Event "BL 9293 Bielefeld-Bayern"]
[Site "?"]
[Date "1992.??.??"]
[Round "?.7"]
[White "Stangl, M."]
[Black "Beilfuss, W."]
[Result "1-0"]
[WhiteElo "2475"]
[BlackElo "2235"]
[PlyCount "173"]
[EventDate "1992.??.??"]

1. c4 e6 2. g3 d5 3. Bg2 dxc4 4. Qa4+ Nd7 5. Qxc4 c5 6. Qb3 Ngf6 7. Nc3 a6 8.
a4 Bd6 9. Nf3 Rb8 10. Ng5 b6 11. O-O Bb7 12. Bxb7 Rxb7 13. Rd1 Qe7 14. Qc4 Ra7
15. d4 O-O 16. Be3 cxd4 17. Bxd4 Bc5 18. Bxf6 Nxf6 19. e3 Raa8 20. Rac1 Qb7 21.
Nce4 Be7 22. Qc7 Qxc7 23. Rxc7 Nd5 24. Rcc1 Rac8 25. Nf3 Rfd8 26. Ne5 Kf8 27.
h4 Ke8 28. Kg2 f6 29. Nf3 Rxc1 30. Rxc1 Kd7 31. Rd1 Ke8 32. Rd2 Rc8 33. Nd4 Kf7
34. Kf3 Rc7 35. Ke2 Rc4 36. b3 Rc7 37. f4 g6 38. g4 Bb4 39. Rd3 Nc3+ 40. Kf3
Nxe4 41. Kxe4 Bc3 42. Ne2 Bb4 43. Rd8 f5+ 44. gxf5 gxf5+ 45. Kd3 Bc5 46. Ng1
Ke7 47. Rh8 Rd7+ 48. Ke2 Kf6 49. Nf3 Kg7 50. Ra8 a5 51. Ne5 Rc7 52. Kf3 Kf6 53.
Rg8 Rg7 54. Rc8 Rb7 55. h5 Kg7 56. Rc6 Kf6 57. Nc4 Ke7 58. h6 Kd7 59. Ne5+ Ke7
60. Rc8 Kf6 61. Rg8 Bd6 62. Nc4 Bc5 63. Ke2 Bb4 64. Ne5 Rc7 65. Nf3 Bd6 66. Rd8
Be7 67. Rg8 Bd6 68. Kd3 Rd7 69. Kc4 Bc5 70. Ne5 Rc7 71. Kd3 Bd6 72. Nc4 Bc5 73.
Rb8 Kg6 74. Nxb6 Kxh6 75. Nc4 Ra7 76. Rb5 Bb4 77. Rb6 Kg7 78. Rxe6 h5 79. Ne5
Be7 80. Nc6 Rd7+ 81. Ke2 Bf6 82. Nxa5 h4 83. Rc6 Bd8 84. Nc4 Rb7 85. Nd6 Rxb3
86. Nxf5+ Kh7 87. Rh6+ 1-0

[Event "BL 9293 Bielefeld-Bayern"]
[Site "?"]
[Date "1992.??.??"]
[Round "?.8"]
[White "Seger, R."]
[Black "Bezold, M."]
[Result "1-0"]
[WhiteElo "2380"]
[BlackElo "2335"]
[PlyCount "65"]
[EventDate "1992.??.??"]

1. e4 c5 2. c3 e6 3. d4 d5 4. exd5 exd5 5. Be3 c4 6. b3 cxb3 7. axb3 Bd6 8. Bd3
Nc6 9. Qf3 Nf6 10. h3 O-O 11. Ne2 Be6 12. Nd2 Qd7 13. O-O Ng4 14. Bf4 Bxf4 15.
Nxf4 Nf6 16. Rfe1 Rfe8 17. Re3 Qd6 18. Qg3 Nd7 19. Rae1 Nf8 20. Nh5 Qxg3 21.
Rxg3 Ng6 22. f4 Nce7 23. Rge3 Nh4 24. g4 Nc6 25. f5 Bd7 26. Nf4 Rxe3 27. Rxe3
g5 28. Nxd5 Kg7 29. Ne4 Rd8 30. Ndf6 Bc8 31. Nh5+ Kf8 32. Nxg5 h6 33. Nh7+ 1-0

[Event "BL 9293 Kirchheim-Porz"]
[Site "?"]
[Date "1992.??.??"]
[Round "?.1"]
[White "Lutz, C."]
[Black "Haba, P."]
[Result "1-0"]
[WhiteElo "2550"]
[BlackElo "2505"]
[PlyCount "93"]
[EventDate "1992.??.??"]

1. d4 d5 2. c4 e6 3. Nf3 Nf6 4. Nc3 Be7 5. Bg5 O-O 6. e3 h6 7. Bh4 b6 8. Be2
Bb7 9. Bxf6 Bxf6 10. cxd5 exd5 11. b4 c5 12. bxc5 bxc5 13. O-O Nd7 14. Qb3 cxd4
15. exd4 Nb6 16. Rfe1 Rb8 17. Qa3 Bc6 18. Bd3 Nc4 19. Qxa7 Qd6 20. Rac1 Rfc8
21. Bxc4 dxc4 22. Ne5 Bxe5 23. Rxe5 Rd8 24. Rd1 Qxe5 25. dxe5 Rxd1+ 26. Nxd1
Rb1 27. h3 Rxd1+ 28. Kh2 Bd5 29. Qc5 Be6 30. a4 Rd8 31. Qa5 Rc8 32. Qc3 g6 33.
a5 Rc6 34. f3 h5 35. Kg3 Kg7 36. Kf4 Ra6 37. Kg5 Ra8 38. g4 hxg4 39. hxg4 Rd8
40. Qe3 Rd3 41. Qe2 Ra3 42. a6 Rxa6 43. f4 Rc6 44. Qe4 Rc5 45. f5 gxf5 46. gxf5
c3 47. f6+ 1-0

[Event "BL 9293 Kirchheim-Porz"]
[Site "?"]
[Date "1992.??.??"]
[Round "?.2"]
[White "Gschnitzer, O."]
[Black "Christiansen, L."]
[Result "0-1"]
[WhiteElo "2475"]
[BlackElo "2625"]
[PlyCount "74"]
[EventDate "1992.??.??"]

1. Nf3 Nf6 2. c4 e6 3. Nc3 Bb4 4. Qc2 c5 5. e3 O-O 6. a3 Ba5 7. Be2 d5 8. O-O
Nc6 9. Na4 Bb6 10. cxd5 Qxd5 11. b4 e5 12. Bc4 Qd8 13. Bb2 Qe7 14. Nxc5 Bg4 15.
Ng5 Bxc5 16. bxc5 h6 17. Ne4 Nxe4 18. Qxe4 Be6 19. Rac1 Rad8 20. Rfd1 Bxc4 21.
Qxc4 Rfe8 22. Bc3 Rd7 23. Rb1 Red8 24. Rb5 Rd5 25. Rdb1 R8d7 26. h3 Nd8 27. d4
exd4 28. Bxd4 Qe4 29. Qc3 Rg5 30. f3 Qxf3 31. Qc2 Qc6 32. Qb2 Rg6 33. a4 Qe4
34. Rb4 Nc6 35. Rc4 Ne5 36. c6 Nxc6 37. Rc5 b6 0-1

[Event "BL 9293 Kirchheim-Porz"]
[Site "?"]
[Date "1992.??.??"]
[Round "?.3"]
[White "Hort, V."]
[Black "Vokac, M."]
[Result "1/2-1/2"]
[WhiteElo "2560"]
[BlackElo "2395"]
[PlyCount "85"]
[EventDate "1992.??.??"]

1. e4 c5 2. c3 d5 3. exd5 Qxd5 4. d4 Nf6 5. Nf3 e6 6. Be2 Be7 7. Na3 O-O 8. Nb5
Na6 9. O-O cxd4 10. cxd4 Bd7 11. Nc3 Qa5 12. Ne5 Rfd8 13. Bf3 Nb4 14. Bxb7 Rab8
15. Bf3 Be8 16. Bf4 Rbc8 17. Qd2 Nc6 18. Bxc6 Bxc6 19. Rfd1 Bb7 20. Bg5 h6 21.
Bh4 Kf8 22. Rac1 Qa6 23. h3 Ba8 24. Ng4 Qb7 25. Ne3 g5 26. Bg3 Ne4 27. Nxe4
Qxe4 28. f3 Qg6 29. Rxc8 Rxc8 30. Qd3 Qxd3 31. Rxd3 f5 32. Be5 f4 33. Ng4 Rc1+
34. Kh2 h5 35. Nf6 g4 36. hxg4 Bxf6 37. Bxf6 hxg4 38. Be5 Rc2 39. Kg1 gxf3 40.
gxf3 Rxb2 41. Ra3 Bd5 42. Rxa7 Rxa2 43. Rxa2 1/2-1/2

[Event "BL 9293 Kirchheim-Porz"]
[Site "?"]
[Date "1992.??.??"]
[Round "?.4"]
[White "Mueller, O."]
[Black "Vaganian, R."]
[Result "1/2-1/2"]
[WhiteElo "2345"]
[BlackElo "2615"]
[PlyCount "94"]
[EventDate "1992.??.??"]

1. e4 e6 2. d4 d5 3. Nd2 c5 4. exd5 exd5 5. Ngf3 Nf6 6. Bb5+ Bd7 7. Bxd7+ Nbxd7
8. O-O Be7 9. dxc5 Nxc5 10. Nb3 Nce4 11. Bf4 O-O 12. Qd4 Re8 13. Rad1 Qc8 14.
c3 b5 15. h3 a5 16. Qd3 b4 17. Rc1 bxc3 18. bxc3 Qc4 19. Rfd1 a4 20. Qxc4 dxc4
21. Nbd2 Ba3 22. Rc2 Rad8 23. Re1 Bc5 24. Nxc4 Bxf2+ 25. Rxf2 Nxf2 26. Kxf2
Ne4+ 27. Kf1 Nxc3 28. a3 Rxe1+ 29. Kxe1 Re8+ 30. Kd2 Nb5 31. Be3 Rd8+ 32. Kc2
f6 33. Bd2 Kf7 34. Bb4 g5 35. Nb6 h5 36. Nxa4 g4 37. hxg4 hxg4 38. Nd2 Ra8 39.
Nb6 Nxa3+ 40. Kb3 Ra6 41. Nd5 Nb5 42. Ne3 Rc6 43. Nxg4 Nd4+ 44. Kb2 Rc2+ 45.
Kb1 Rc8 46. Kb2 Rc2+ 47. Kb1 Rc8 1/2-1/2

[Event "BL 9293 Kirchheim-Porz"]
[Site "?"]
[Date "1992.??.??"]
[Round "?.5"]
[White "Hickl, J."]
[Black "Vonthron, H."]
[Result "1-0"]
[WhiteElo "2540"]
[BlackElo "2370"]
[PlyCount "57"]
[EventDate "1992.??.??"]

1. g3 e5 2. Bg2 d6 3. c4 f5 4. Nc3 Nf6 5. d3 g6 6. Nf3 Bg7 7. O-O O-O 8. Rb1 c6
9. b4 Kh8 10. Bb2 Qe7 11. e4 Be6 12. exf5 gxf5 13. Re1 Nbd7 14. b5 f4 15. bxc6
bxc6 16. Ba3 c5 17. Rb7 Qe8 18. Nb5 Qh5 19. Nc7 Bg4 20. Nxa8 e4 21. dxe4 Ne5
22. Rb3 Rxa8 23. Bb2 Nfd7 24. Bxe5 Nxe5 25. Qxd6 Re8 26. Nxe5 Bxe5 27. Qxc5 f3
28. Bf1 Bh3 29. Bxh3 1-0

[Event "BL 9293 Sindelfingen-Koblenz"]
[Site "?"]
[Date "1992.??.??"]
[Round "?.1"]
[White "Seul, G."]
[Black "Luther, T."]
[Result "1/2-1/2"]
[WhiteElo "2410"]
[BlackElo "2435"]
[PlyCount "53"]
[EventDate "1992.??.??"]

1. Nf3 d5 2. d4 Nf6 3. Bg5 e6 4. e3 Nbd7 5. Nbd2 Be7 6. Bd3 O-O 7. O-O b6 8. c3
Bb7 9. Qb1 h6 10. Bh4 a5 11. a4 Ba6 12. Bxa6 Rxa6 13. e4 Nxe4 14. Bxe7 Qxe7 15.
Nxe4 dxe4 16. Qxe4 Raa8 17. Rfe1 Rad8 18. Qc6 Qd6 19. Qb5 Qd5 20. Qxd5 exd5 21.
Kf1 Rfe8 22. b4 Kf8 23. Nd2 Ra8 24. Nb3 Rxe1+ 25. Kxe1 Ke7 26. Kd2 Kd6 27. Kd3
1/2-1/2